| 000 | 00643nmm a2200193Ia 4500 | ||
|---|---|---|---|
| 008 | 251105s9999||||xx |||||||||||||||||und|| | ||
| 020 | _a9788415260219 | ||
| 041 | _aspa | ||
| 100 | _aOsorio, Jaime | ||
| 245 | 0 | _aExclusiones : Reflexiones críticas sobre subalternidad, hegemonía y biopolítica | |
| 264 |
_a[Madrid, España] : _bAnthropos, _c2012 |
||
| 300 | _a224 páginas | ||
| 490 | _aPensamiento crítico / Pensamiento utópico: crítica y utopía | ||
| 650 | _aPhilosophy, Ethics | ||
| 700 | _aOsorio, Jaime | ||
| 700 | 1 | _a Victoriano, Felipe (Eds.) | |
| 856 | _uhttps://public.digitaliapublishing.com/a/25636 | ||
| 942 | _cCF | ||
| 999 |
_c69597 _d69597 |
||